Movies by Picture - U - Statistics

General Stats
  • This quiz has been taken 222 times
    197 since last reset
  • The average score is 5 of 16
Answer Stats
Picture Answer % Correct
The Usual Suspects
71%
Uncharted
53%
The Untouchables
49%
Uncut Gems
48%
Uncle Buck
47%
Underdog
44%
Unbreakable
40%
Unforgiven
29%
Up in the Air
28%
Unbroken
18%
Under the Tuscan Sun
16%
The Unbearable Weight of Massive Talent
15%
The Umbrellas of Cherbourg
14%
Unstoppable
12%
UHF
11%
Under Siege
11%
No matching quizzes found
Score Distribution
Percent of People with Each Score
Percentile by Number Answered
Your Score History
You have not taken this quiz since the last reset